| 000 | 01115nam a22002537a 4500 | ||
|---|---|---|---|
| 005 | 20100928110826.0 | ||
| 008 | 100928t xxu||||| |||| 00| 0 mar d | ||
| 010 | _aMAR-20318 | ||
| 020 |
_c160.00 _a9788177864166 |
||
| 035 | _aMR-12976 | ||
| 037 | _bDBAD / PUB | ||
| 040 |
_aDPL _bMR |
||
| 082 | _a891.463 | ||
| 100 |
_922134 _aऐनापुरे,जी.के. |
||
| 245 |
_aजाईच्या घरी जाई/ _cजी के ऐनापुरे |
||
| 246 |
_aJaichya Ghari Jai _bby G K Ainapure |
||
| 260 |
_aऔरंगाबाद _bसाकेत प्रकाशन _c2010 |
||
| 270 |
_a115,म.गांधीनगर स्टेशनरोड _bऔरंगाबाद _e431005 |
||
| 300 |
_a175पृ _c21सेमी (अजिल्द) |
||
| 650 |
_aमराठी कादंबरी _922255 |
||
| 650 |
_aMarathi Fiction _922256 |
||
| 942 |
_2ddc _cMR _h891.463 _mऐनापु |
||
| 999 |
_c47948 _d47948 |
||